States With No Repeating Letters Quiz Stats

Quiz not verified by Sporcle

Also try: 'A' in Europe
Challenge
Share
Tweet
Embed
Score 0/9 Timer 05:00
0 Plays Today
General Location State % Correct
NortheastMaine
97%
SoutheastFlorida
97%
WestIdaho
95.5%
MidwestIowa
93.9%
South CentralTexas
92.4%
NortheastVermont
92.4%
NorthwestUtah
90.9%
NortheastNew York
86.4%
WestWyoming
84.8%

You're not logged in!

Compare scores with friends on all Sporcle quizzes.
Join for Free
OR
Log In

You Might Also Like...

Show Comments

Extras

Top Quizzes Today


Score Distribution

Your Account Isn't Verified!

In order to create a playlist on Sporcle, you need to verify the email address you used during registration. Go to your Sporcle Settings to finish the process.

Report this User

Report this user for behavior that violates our Community Guidelines.

Details: